Sports Quiz

Random Sports Quiz

FIFA 16 - 5 Star Skillers Quiz Stats

 Plays Quiz not verified by Sporcle

Challenge
Share
Tweet
Embed
Score 0/29 Timer 15:00
0 Plays Today
Hint Answer % Correct
Real MadridCristiano Ronaldo
87.1%
BarcelonaNeymar Jr
82.6%
FUT LegendPele
69.7%
Bayern MunichFrank Ribery
68.2%
Bayern MunichDouglas Costa
66.7%
Crystal PalaceYannick Bolasie
56.8%
JuventusJuan Cuadrado
51.5%
FenerbahceLuis Nani
50.8%
EvertonAiden McGeady
45.5%
NiceHatem Ben Arfa
43.9%
BesiktasRicardo Quaresma
40.9%
FUT LegendJay-Jay Okocha
38.6%
AC MilanHachim Mastour
32.6%
CelticGary Mackay
32.6%
LOSC LilleSofiane Boufal
31.8%
Hint Answer % Correct
VFB StuttgartAlexandru Maxim
30.3%
Bolton WanderersWellington Silva
28%
CelticNadir Citci
25.8%
BenficaAdel Taarabt
25.8%
Leeds UnitedJordan Bokata
25%
LazioRicardo Kishna
24.2%
ACF FiorentinaMatias Fernandez
24.2%
Al-FetehElton
23.5%
Sporting CPAndre Carrillo
21.2%
Club AmericaMichael Arroyo
18.2%
MoldeMohamed Elyounoussi
13.6%
Pumas UnamFidel Martinez
13.6%
Al-HilalSalem Al Dossari
13.6%
Lokomotiv MoscowMoubarak Boussoufa
5.3%

You're not logged in!

Compare scores with friends on all Sporcle quizzes.
OR
Log In

You Might Also Like...

Show Comments

Extras

Created Jan 16, 2016ReportNominate
Tags:5 Star, FIFA, star

Top Quizzes Today


Score Distribution

Your Account Isn't Verified!

In order to create a playlist on Sporcle, you need to verify the email address you used during registration. Go to your Sporcle Settings to finish the process.

Report this User

Report this user for behavior that violates our Community Guidelines.

Details: